| 000 | 00958nas a2200325 4500 | ||
|---|---|---|---|
| 001 | BR0205165 | ||
| 003 | BR-BrBNA | ||
| 005 | 20231205103307.0 | ||
| 007 | ta | ||
| 008 | 230509b bl.|||p| |||| 00| 00por d | ||
| 040 |
_aBR-BrBNA _bpor _cBiblioteca Nacional de Agricultura |
||
| 041 | _a(En) | ||
| 072 | _aF30 | ||
| 100 | 1 | _aOliveira, V.R. | |
| 100 | 1 | _aCasali, V.W.D. | |
| 100 | 1 | _aCruz, C.D. | |
| 100 | 1 | _aScapim, C.A. | |
| 100 | 1 | _aPires, N. de M. | |
| 245 | 1 | _aGenetic analysis of sweet pepper tolerance to low phosphorus availability in the soil | |
| 650 | _aPIMENTÃO | ||
| 650 | _aFÓSFORO | ||
| 650 | _aGENÉTICA VEGETAL | ||
| 650 | _aGENÓTIPO | ||
| 650 | _aHEREDITARIEDADE | ||
| 650 | _aANÁLISE | ||
| 650 | _aVARIEDADE RESISTENTE | ||
| 773 | 0 |
_tCrop Breeding and Applied Biotechnology (Brazil) _xISSN 1518-7853 _g(Dec 2001), v. 1(4) p. 329-338 _wBR0205165 |
|
| 909 |
_a202311 _bLúcia _c55 _dLúcia Elande |
||
| 942 |
_2AGRIS _n0 _cANA |
||
| 999 |
_c172120 _d172120 |
||